[Event "Niedersachsen-ch Seniors op 13th"]
[Site "Bad Bevensen"]
[Date "2010.07.13"]
[Round "8"]
[White "Schuld, Hartmut"]
[Black "Fritsch, Juergen"]
[Result "0-1"]
[WhiteElo "1613"]
[BlackElo "1774"]
[PlyCount "102"]
[EventDate "2010.07.06"]
[EventType "swiss"]
[EventRounds "9"]
[EventCountry "GER"]
[SourceTitle "EXT 2012"]
[Source "ChessBase"]
[SourceDate "2011.11.24"]
[SourceVersion "1"]
[SourceVersionDate "2011.11.24"]
[SourceQuality "1"]

1. d4 d5 2. c4 c6 3. e3 Bf5 4. Nf3 e6 5. Nc3 Nf6 6. Qb3 Qc8 7. Bd2 Nbd7 8. Nh4 Bg4 9. h3 Bh5 10. g4 Bg6 11. Nxg6 hxg6 12. Bg2 dxc4 13. Qxc4 Nb6 14. Qd3 Qd7 15. Qe2 Bd6 16. a3 0-0 17. Bf3 e5 18. dxe5 Bxe5 19. Rd1 Qc7 20. 0-0 Rad8 21. e4 Bf4 22. Bxf4 Qxf4 23. Bg2 Nfd7 24. Qd2 g5 25. Qxf4 gxf4 26. Ne2 g5 27. b3 Ne5 28. f3 c5 29. Nc3 c4 30. b4 Nd3 31. Rd2 Nd7 32. Nd5 N7e5 33. Rfd1 f6 34. Kf1 Kf7 35. Ke2 Rd6 36. b5 Rc8 37. Rc2 Rc5 38. a4 b6 39. Rh1 Ng6 40. Rd1 Re6 41. Rdd2 Rxd5 42. Rxc4 Rc5 43. Rd4 Nc1+ 44. Kd1 Ne5 45. Rd5 Nb3 46. Rb2 Na5 47. Rd8 Nac4 48. Re2 Ne3+ 49. Ke1 Rc1+ 50. Kf2 Ra1 51. Rh8 Nd3# 0-1

[Event "Niedersachsen-ch Seniors op 13th"]
[Site "Bad Bevensen"]
[Date "2010.07.07"]
[Round "2"]
[White "Schuld, Hartmut"]
[Black "Zoeller, Henning"]
[Result "1-0"]
[WhiteElo "1613"]
[BlackElo "1331"]
[PlyCount "45"]
[EventDate "2010.07.06"]
[EventType "swiss"]
[EventRounds "9"]
[EventCountry "GER"]
[SourceTitle "EXT 2012"]
[Source "ChessBase"]
[SourceDate "2011.11.24"]
[SourceVersion "1"]
[SourceVersionDate "2011.11.24"]
[SourceQuality "1"]

1. d4 Nf6 2. c4 g6 3. Nc3 Bg7 4. e4 d6 5. Bd3 0-0 6. Nge2 e5 7. d5 Nbd7 8. 0-0 a5 9. a4 Nc5 10. Bc2 Ne8 11. f4 exf4 12. Bxf4 Qe7 13. Qd2 Nf6 14. Ng3 Nfd7 15. Rae1 Ne5 16. b3 Na6 17. h3 Nd7 18. Nb5 Nb4 19. Nxc7 Rb8 20. Nb5 Nxc2 21. Bxd6 Qh4 22. Qxc2 Qxg3 23. Bxg3 1-0

[Event "Bad Bevensen Seniors op 12th"]
[Site "Bad Bevensen"]
[Date "2009.07.15"]
[Round "9"]
[White "Schuld, Hartmut"]
[Black "Baeumcher, Karl"]
[Result "1-0"]
[WhiteElo "1619"]
[BlackElo "1450"]
[PlyCount "58"]
[EventDate "2009.07.07"]
[EventType "swiss"]
[EventRounds "9"]
[EventCountry "GER"]
[SourceTitle "EXT 2022"]
[Source "ChessBase"]
[SourceDate "2021.10.06"]
[SourceVersion "1"]
[SourceVersionDate "2021.10.06"]
[SourceQuality "1"]

1. d4 d5 2. c4 e6 3. Nf3 c6 4. e3 h6 5. Nc3 Bd6 6. Bd3 Ne7 7. c5 Bc7 8. Qc2 Nd7 9. e4 dxe4 10. Nxe4 Nd5 11. a3 N7f6 12. 0-0 0-0 13. Ng3 Nf4 14. Bc4 N6d5 15. Re1 Bd7 16. b4 a6 17. Re4 f5 18. Re1 b5 19. Ba2 Ng6 20. Bd2 Nh4 21. Ne5 Bxe5 22. Rxe5 Ng6 23. Ree1 Qh4 24. Ne2 Ndf4 25. Nxf4 Nxf4 26. Bxf4 Qxf4 27. g3 Qg4 28. Bxe6+ Bxe6 29. Rxe6 f4 1-0

[Event "Bad Bevensen Seniors op 12th"]
[Site "Bad Bevensen"]
[Date "2009.07.13"]
[Round "7"]
[White "Schuld, Hartmut"]
[Black "Kluger, Hans Peter"]
[Result "1/2-1/2"]
[WhiteElo "1619"]
[BlackElo "1778"]
[PlyCount "49"]
[EventDate "2009.07.07"]
[EventType "swiss"]
[EventRounds "9"]
[EventCountry "GER"]
[SourceTitle "EXT 2022"]
[Source "ChessBase"]
[SourceDate "2021.10.06"]
[SourceVersion "1"]
[SourceVersionDate "2021.10.06"]
[SourceQuality "1"]

1. d4 d5 2. c4 c6 3. e3 Nf6 4. Nc3 e6 5. Nf3 Bd6 6. Bd3 0-0 7. 0-0 Nbd7 8. Qc2 h6 9. h3 e5 10. dxe5 Nxe5 11. Nxe5 Bxe5 12. cxd5 cxd5 13. Ne2 Be6 14. Nd4 Rc8 15. Qe2 Bb8 16. b3 Qd6 17. Nf3 Ne4 18. Bb2 Ng5 19. g3 Bxh3 20. Nxg5 Bxf1 21. Qxf1 hxg5 22. Qh3 Qh6 23. Qf5 Rfe8 24. Kg2 Qg6 25. Qxc8 1/2-1/2

[Event "GER-ch Seniors-B 20th"]
[Site "Erfurt"]
[Date "2008.08.11"]
[Round "7"]
[White "Schuld, Hartmut"]
[Black "Brandt, Joachim"]
[Result "1/2-1/2"]
[WhiteElo "1650"]
[BlackElo "1706"]
[PlyCount "21"]
[EventDate "2008.08.05"]
[EventType "swiss"]
[EventRounds "9"]
[EventCountry "GER"]
[SourceTitle "CBM 126 Extra"]
[Source "ChessBase"]
[SourceDate "2008.11.05"]
[SourceVersion "1"]
[SourceVersionDate "2008.11.05"]
[SourceQuality "1"]

1. d4 Nf6 2. c4 g6 3. Nc3 Bg7 4. Nf3 d6 5. e3 0-0 6. Bd3 Bg4 7. 0-0 e5 8. dxe5 dxe5 9. Be2 Nc6 10. Qxd8 Rfxd8 11. a3 1/2-1/2

[Event "GER-ch Seniors-B 20th"]
[Site "Erfurt"]
[Date "2008.08.07"]
[Round "3"]
[White "Schuld, Hartmut"]
[Black "Nickel, Reiner Gert"]
[Result "1/2-1/2"]
[WhiteElo "1650"]
[BlackElo "1765"]
[PlyCount "69"]
[EventDate "2008.08.05"]
[EventType "swiss"]
[EventRounds "9"]
[EventCountry "GER"]
[SourceTitle "CBM 126 Extra"]
[Source "ChessBase"]
[SourceDate "2008.11.05"]
[SourceVersion "1"]
[SourceVersionDate "2008.11.05"]
[SourceQuality "1"]

1. d4 Nf6 2. c4 e5 3. Nf3 exd4 4. Nxd4 Bc5 5. e3 0-0 6. Bd3 d5 7. 0-0 Bxd4 8. exd4 Nc6 9. c5 h6 10. Be3 Nb4 11. Nc3 Nxd3 12. Qxd3 Bg4 13. h3 Bh5 14. Rfe1 c6 15. Bf4 Bg6 16. Qf3 Ne4 17. Nxe4 dxe4 18. Qe3 Qd5 19. a3 Rfe8 20. Rad1 Re6 21. Rd2 Rae8 22. b4 a6 23. Qc3 Qf5 24. Qe3 Rd8 25. Kh2 Rd5 26. Bd6 Bh7 27. Qf4 Qxf4+ 28. Bxf4 g5 29. Bd6 f5 30. g3 Kf7 31. Kg2 Kg6 32. Re3 Kf7 33. f3 Bg6 34. fxe4 Rxe4 35. Rxe4 1/2-1/2

[Event "GER-ch Seniors Gp-B 19th"]
[Site "Templin"]
[Date "2007.08.30"]
[Round "8"]
[White "Stock, Hugo"]
[Black "Schuld, Hartmut"]
[Result "0-1"]
[WhiteElo "1490"]
[BlackElo "1627"]
[PlyCount "36"]
[EventDate "2007.08.23"]
[EventType "swiss"]
[EventRounds "9"]
[EventCountry "GER"]
[SourceTitle "EXT 2022"]
[Source "ChessBase"]
[SourceDate "2021.10.06"]
[SourceVersion "1"]
[SourceVersionDate "2021.10.06"]
[SourceQuality "1"]

1. d4 d5 2. c4 Nf6 3. Nc3 e6 4. Bg5 Be7 5. e3 Nbd7 6. cxd5 exd5 7. Bd3 h6 8. Bh4 c6 9. Qc2 0-0 10. Nf3 Re8 11. 0-0 a6 12. a3 Qc7 13. Bg3 Bd6 14. Bxd6 Qxd6 15. Rab1 Nf8 16. b4 Bd7 17. Ne5 Ng4 18. Nxd7 Qxh2# 0-1

[Event "GER-ch Seniors Gp-B 19th"]
[Site "Templin"]
[Date "2007.08.29"]
[Round "7"]
[White "Schuld, Hartmut"]
[Black "Grabara, Manfred"]
[Result "0-1"]
[WhiteElo "1627"]
[BlackElo "1723"]
[PlyCount "114"]
[EventDate "2007.08.23"]
[EventType "swiss"]
[EventRounds "9"]
[EventCountry "GER"]
[SourceTitle "EXT 2022"]
[Source "ChessBase"]
[SourceDate "2021.10.06"]
[SourceVersion "1"]
[SourceVersionDate "2021.10.06"]
[SourceQuality "1"]

1. d4 f5 2. c4 g6 3. Nc3 Nf6 4. Bg5 Bg7 5. e3 d6 6. Nf3 0-0 7. Be2 h6 8. Bh4 c6 9. h3 Qe8 10. Bg3 Ne4 11. Bh2 Be6 12. Rc1 Nd7 13. 0-0 Bf7 14. Qc2 Nxc3 15. Qxc3 c5 16. Qd2 e5 17. dxe5 dxe5 18. b3 Qe6 19. Rcd1 Rfd8 20. Qd6 e4 21. Qxe6 Bxe6 22. Ne1 Ne5 23. Bxe5 Bxe5 24. f4 Rxd1 25. Bxd1 Rd8 26. Nc2 Bc3 27. Na3 a6 28. Nb1 Ba5 29. Be2 Kf7 30. Kf2 Ke7 31. Rd1 Rxd1 32. Bxd1 b5 33. Be2 bxc4 34. Bxc4 Bxc4 35. bxc4 Kd6 36. Ke2 Kc6 37. h4 Bd8 38. g3 Bf6 39. Kd2 g5 40. hxg5 hxg5 41. Nc3 Bd8 42. Nd5 Kd6 43. Kc2 Ke6 44. Kb3 Kf7 45. Nc3 Kg6 46. Kc2 Kh5 47. Ne2 Kg4 48. Kd1 Kf3 49. fxg5 Bxg5 50. Nf4 Kxg3 51. Nd5 Kf3 52. Kd2 Bd8 53. Ke1 Ba5+ 54. Kf1 Bd2 55. Ne7 Kxe3 56. Nxf5+ Kd3 57. Nd6 e3 0-1

[Event "Bad Wildungen Seniors op 3rd"]
[Site "Bad Wildungen"]
[Date "2006.08.06"]
[Round "7"]
[White "Schuld, Hartmut"]
[Black "Juergens, Helmut"]
[Result "1-0"]
[WhiteElo "1627"]
[BlackElo "1573"]
[PlyCount "29"]
[EventDate "2006.07.31"]
[EventType "swiss"]
[EventRounds "9"]
[EventCountry "GER"]
[SourceTitle "EXT 2007"]
[Source "ChessBase"]
[SourceDate "2006.11.23"]
[SourceVersion "1"]
[SourceVersionDate "2006.11.23"]
[SourceQuality "1"]

1. d4 d5 2. c4 e6 3. Nf3 Nf6 4. Bg5 Be7 5. e3 h6 6. Bh4 0-0 7. Bd3 dxc4 8. Bxc4 c5 9. 0-0 cxd4 10. Nxd4 Nbd7 11. Nc3 Ne5 12. Bb3 Ng6 13. Bg3 Nh5 14. Qxh5 Bf6 15. Rac1 1-0

[Event "Bad Wildungen Seniors op 3rd"]
[Site "Bad Wildungen"]
[Date "2006.08.03"]
[Round "4"]
[White "Mayer, Franz"]
[Black "Schuld, Hartmut"]
[Result "1/2-1/2"]
[WhiteElo "1857"]
[BlackElo "1627"]
[PlyCount "54"]
[EventDate "2006.07.31"]
[EventType "swiss"]
[EventRounds "9"]
[EventCountry "GER"]
[SourceTitle "EXT 2007"]
[Source "ChessBase"]
[SourceDate "2006.11.23"]
[SourceVersion "1"]
[SourceVersionDate "2006.11.23"]
[SourceQuality "1"]

1. e4 c6 2. d4 d5 3. e5 Bf5 4. Nf3 e6 5. Be2 c5 6. h3 Nd7 7. c3 Rc8 8. Bd3 Bxd3 9. Qxd3 cxd4 10. Qxd4 Bc5 11. Qg4 Kf8 12. 0-0 h5 13. Qg3 Nh6 14. Bxh6 Rxh6 15. Nbd2 Be7 16. Qf4 g5 17. Qe3 b6 18. h4 Rg6 19. hxg5 Bxg5 20. Nxg5 Qxg5 21. Qxg5 Rxg5 22. f4 Rg4 23. Rf3 Ke7 24. Re1 Rcg8 25. Re2 Nf8 26. c4 dxc4 27. Nxc4 Ng6 1/2-1/2

[Event "Bad Wildungen Seniors op 3rd"]
[Site "Bad Wildungen"]
[Date "2006.08.01"]
[Round "2"]
[White "Oser, Thor"]
[Black "Schuld, Hartmut"]
[Result "1/2-1/2"]
[WhiteElo "1637"]
[BlackElo "1627"]
[PlyCount "34"]
[EventDate "2006.07.31"]
[EventType "swiss"]
[EventRounds "9"]
[EventCountry "GER"]
[SourceTitle "EXT 2007"]
[Source "ChessBase"]
[SourceDate "2006.11.23"]
[SourceVersion "1"]
[SourceVersionDate "2006.11.23"]
[SourceQuality "1"]

1. e4 c6 2. d4 d5 3. exd5 cxd5 4. Bd3 Nf6 5. h3 e6 6. Nf3 Bd6 7. 0-0 h6 8. Re1 Qc7 9. c3 Nbd7 10. Nbd2 0-0 11. Qe2 Re8 12. Ne5 Nf8 13. Ndf3 a6 14. Nh2 Bxe5 15. dxe5 N6h7 16. Qg4 Kh8 17. Be3 f5 1/2-1/2

[Event "Bad Wildungen Seniors op 3rd"]
[Site "Bad Wildungen"]
[Date "2006.08.??"]
[Round "6"]
[White "Schumacher, Ursula"]
[Black "Schuld, Hartmut"]
[Result "1/2-1/2"]
[WhiteElo "1350"]
[BlackElo "1627"]
[PlyCount "79"]
[EventDate "2006.07.31"]
[EventType "swiss"]
[EventRounds "9"]
[EventCountry "GER"]
[SourceTitle "EXT 2007"]
[Source "ChessBase"]
[SourceDate "2006.11.23"]
[SourceVersion "1"]
[SourceVersionDate "2006.11.23"]
[SourceQuality "1"]

1. c4 e6 2. Nc3 Nf6 3. g3 c6 4. Bg2 d5 5. cxd5 exd5 6. d4 Bf5 7. e3 Bd6 8. Nge2 0-0 9. 0-0 Nbd7 10. a3 Re8 11. b4 Nb6 12. Na4 Ne4 13. Nc5 Qc7 14. Nf4 Nc4 15. Nxe4 Bxe4 16. Ne2 Qe7 17. Qb3 h5 18. Bxe4 Qxe4 19. Nc3 Qe6 20. Ra2 Qh3 21. Qd1 Re6 22. Qf3 Rae8 23. Re2 Rg6 24. Qg2 Qe6 25. f4 f5 26. h4 Be7 27. Qh3 Rg4 28. Kh2 Nd6 29. Nd1 Ne4 30. Rg1 Bf6 31. Nf2 Nxf2 32. Rxf2 Qe7 33. Qf1 Qe4 34. Rf3 Re6 35. Rf2 Be7 36. Qg2 Qd3 37. Qf1 Qb3 38. Qd1 Qb1 39. Qc2 Qxc2 40. Rxc2 1/2-1/2

[Event "Blankenburg op-B 13th"]
[Site "Blankenburg"]
[Date "2005.10.04"]
[Round "7"]
[White "Schuld, Hartmut"]
[Black "Giese, Guido"]
[Result "1/2-1/2"]
[WhiteElo "1616"]
[BlackElo "1564"]
[PlyCount "73"]
[EventDate "2005.09.30"]
[EventType "swiss"]
[EventRounds "7"]
[EventCountry "GER"]
[SourceTitle "EXT 2007"]
[Source "ChessBase"]
[SourceDate "2006.11.23"]
[SourceVersion "1"]
[SourceVersionDate "2006.11.23"]
[SourceQuality "1"]

1. d4 d5 2. c4 e6 3. Nf3 Nf6 4. e3 b6 5. Nc3 Bb7 6. Bd3 Bd6 7. cxd5 exd5 8. 0-0 0-0 9. Qc2 Nbd7 10. Re1 a6 11. Bd2 Re8 12. e4 dxe4 13. Nxe4 Bxe4 14. Bxe4 Nxe4 15. Rxe4 Rxe4 16. Qxe4 Nf6 17. Qc6 Qe8 18. Qc4 b5 19. Qb3 Qd7 20. Re1 Re8 21. Rxe8+ Qxe8 22. Qe3 Kf8 23. a3 h6 24. b4 Ng4 25. Qxe8+ Kxe8 26. h3 Nf6 27. Kf1 Kd7 28. Ke2 Ke6 29. Kd3 Nd5 30. g3 f5 31. Ne1 g5 32. Ng2 Nb6 33. h4 Be7 34. hxg5 hxg5 35. f4 Nc4 36. Bc1 g4 37. Ne3 1/2-1/2

[Event "Blankenburg op-B 13th"]
[Site "Blankenburg"]
[Date "2005.10.03"]
[Round "5"]
[White "Schuld, Hartmut"]
[Black "Kalliwoda, Enrico"]
[Result "0-1"]
[WhiteElo "1616"]
[BlackElo "1670"]
[PlyCount "86"]
[EventDate "2005.09.30"]
[EventType "swiss"]
[EventRounds "7"]
[EventCountry "GER"]
[SourceTitle "EXT 2007"]
[Source "ChessBase"]
[SourceDate "2006.11.23"]
[SourceVersion "1"]
[SourceVersionDate "2006.11.23"]
[SourceQuality "1"]

1. d4 Nf6 2. c4 g6 3. Nc3 Bg7 4. e4 d6 5. Nf3 0-0 6. Bg5 e5 7. d5 a5 8. Be2 Na6 9. 0-0 Bd7 10. Nd2 h6 11. Be3 Nh7 12. Nb3 b6 13. Rc1 a4 14. Nd2 Nc5 15. b4 axb3 16. axb3 f5 17. exf5 Bxf5 18. f3 Nf6 19. g4 Bd7 20. Nde4 Nfxe4 21. Nxe4 Nxe4 22. fxe4 Ra2 23. Rc2 Rxc2 24. Qxc2 Rxf1+ 25. Kxf1 Qh4 26. Qa2 Qh3+ 27. Kf2 Qxh2+ 28. Ke1 Qh1+ 29. Kd2 Qg2 30. Qa8+ Kh7 31. Kd3 Bxg4 32. Bxg4 Qxg4 33. Qd8 h5 34. Qxc7 h4 35. Qxd6 h3 36. Qe6 Qd1+ 37. Kc3 Qf3 38. Qxb6 h2 39. d6 h1Q 40. d7 Qe1+ 41. Kb2 Qfd1 42. d8Q Qb1+ 43. Ka3 Qa1# 0-1

[Event "Blankenburg op-B 13th"]
[Site "Blankenburg"]
[Date "2005.10.02"]
[Round "4"]
[White "Wiermann, Gerhard"]
[Black "Schuld, Hartmut"]
[Result "0-1"]
[WhiteElo "1589"]
[BlackElo "1616"]
[PlyCount "78"]
[EventDate "2005.09.30"]
[EventType "swiss"]
[EventRounds "7"]
[EventCountry "GER"]
[SourceTitle "EXT 2007"]
[Source "ChessBase"]
[SourceDate "2006.11.23"]
[SourceVersion "1"]
[SourceVersionDate "2006.11.23"]
[SourceQuality "1"]

1. d4 f5 2. Nc3 Nf6 3. Bg5 g6 4. Bxf6 exf6 5. e3 d5 6. g3 c6 7. Bg2 Qb6 8. Rb1 Bd6 9. Nge2 0-0 10. 0-0 Be6 11. a3 a5 12. Re1 Qc7 13. Nf4 Bf7 14. Qd2 b5 15. b4 Nd7 16. Nce2 Nb6 17. c3 Nc4 18. Qc1 Qe7 19. Nd3 Rfe8 20. Ra1 g5 21. Nb2 Nxb2 22. Qxb2 h5 23. Qd2 Kg7 24. Kf1 a4 25. Ng1 Rh8 26. f4 g4 27. Kf2 h4 28. Ne2 Rae8 29. Rh1 h3 30. Bf1 Qe4 31. Rg1 Qf3+ 32. Ke1 Rxe3 33. Rc1 Rhe8 34. Rc2 R8e4 35. Qc1 Bc7 36. Qb2 Bb6 37. Kd1 Qf2 38. Rh1 Rf3 39. Kc1 Qe1# 0-1

[Event "Brandenburg Seniors op 09th"]
[Site "Uckley"]
[Date "2000.09.28"]
[Round "6"]
[White "Schuld, Hartmut"]
[Black "Brandt, Fred"]
[Result "1/2-1/2"]
[WhiteElo "1707"]
[BlackElo "1734"]
[PlyCount "35"]
[EventDate "2000.09.25"]
[EventType "swiss"]
[EventRounds "7"]
[EventCountry "GER"]
[SourceTitle "EXT 2006"]
[Source "ChessBase"]
[SourceDate "2005.11.24"]
[SourceVersion "1"]
[SourceVersionDate "2005.11.24"]
[SourceQuality "1"]

1. f4 d5 2. Nf3 e6 3. e3 Nf6 4. b3 Be7 5. Bb2 0-0 6. Be2 Nbd7 7. 0-0 c5 8. c4 b6 9. Qe1 Ne4 10. d3 Nd6 11. Nbd2 Nf5 12. Bd1 Bf6 13. Bxf6 Qxf6 14. Rc1 Bb7 15. e4 dxe4 16. dxe4 Nd4 17. Nxd4 Qxd4+ 18. Qf2 1/2-1/2

[Event "GER-chT Seniors 08th"]
[Site "Verden"]
[Date "1999.08.06"]
[Round "6.4"]
[White "Schuld, Hartmut"]
[Black "Wild, Gerhard"]
[Result "0-1"]
[WhiteElo "1749"]
[BlackElo "1971"]
[PlyCount "74"]
[EventDate "1999.08.01"]
[EventType "team-swiss"]
[EventRounds "7"]
[EventCountry "GER"]
[SourceTitle "EXT 2022"]
[Source "ChessBase"]
[SourceDate "2021.10.06"]
[SourceVersion "1"]
[SourceVersionDate "2021.10.06"]
[SourceQuality "1"]

1. d4 d5 2. f4 c5 3. Nf3 cxd4 4. Nxd4 Nf6 5. Nc3 e6 6. e3 Nc6 7. a3 a6 8. Be2 Bc5 9. 0-0 0-0 10. Bf3 Bd7 11. Nce2 Rc8 12. c3 Re8 13. Nc2 Ba7 14. Kh1 Na5 15. Ng3 Ba4 16. Re1 Qc7 17. Qe2 Bb5 18. Qf2 Nb3 19. Rb1 Bd3 20. Bd1 Nc5 21. Ra1 Bg6 22. Qg1 Nd3 23. Rf1 Be4 24. Nb4 Nc5 25. Bc2 a5 26. Nxe4 dxe4 27. Na2 Nd3 28. Bxd3 exd3 29. Bd2 Qc4 30. Nc1 Ne4 31. Rd1 Red8 32. Qf1 Qd5 33. Qf3 f5 34. Kg1 Rd7 35. h3 Rcd8 36. g4 Nxd2 37. Qxd5 Bxe3+ 0-1

[Event "GER-chT Seniors 08th"]
[Site "Verden"]
[Date "1999.08.03"]
[Round "3.4"]
[White "Hahner, Anton"]
[Black "Schuld, Hartmut"]
[Result "0-1"]
[WhiteElo "1779"]
[BlackElo "1749"]
[PlyCount "86"]
[EventDate "1999.08.01"]
[EventType "team-swiss"]
[EventRounds "7"]
[EventCountry "GER"]
[SourceTitle "EXT 2022"]
[Source "ChessBase"]
[SourceDate "2021.10.06"]
[SourceVersion "1"]
[SourceVersionDate "2021.10.06"]
[SourceQuality "1"]

1. d4 Nf6 2. Nf3 g6 3. c4 d6 4. Nc3 Bg7 5. e4 0-0 6. Be3 e5 7. d5 Ng4 8. Bg5 f6 9. Bd2 f5 10. Bg5 Nf6 11. Bd3 h6 12. Bd2 f4 13. Qb3 Nbd7 14. 0-0-0 Nc5 15. Qc2 c6 16. Rde1 Qb6 17. Re2 Nfd7 18. Na4 Nxa4 19. Qxa4 Nc5 20. Qc2 cxd5 21. cxd5 Bd7 22. Bc4 Rac8 23. Bc3 Qc7 24. Bd3 a6 25. Rd2 Na4 26. Qb3 Nxc3 27. Rc2 Ba4 28. Qxc3 Bxc2 29. Bxc2 Qxc3 30. bxc3 Rxc3 31. Kb2 Rfc8 32. Bb3 Bf6 33. Nd2 Kf7 34. Rd1 Bd8 35. Nb1 R3c5 36. Rd3 Ba5 37. Rf3 g5 38. h3 h5 39. Rd3 Kf6 40. Bd1 Be1 41. f3 Bf2 42. a3 Bd4+ 43. Ka2 Rc2+ 0-1